| 000 | 00455nam a22001577a 4500 | ||
|---|---|---|---|
| 003 | SGT | ||
| 020 | _a9788121924009 | ||
| 082 | _a657.95.TUL | ||
| 100 | _aTULSIAN,CA.P.C. | ||
| 245 | _aINTRODUCTION TO CORPORATE ACCOUNTING A SELF STUDY TEXT BOOK | ||
| 260 |
_aNEW DELHI _bS.CHAND _c2015 |
||
| 300 | _aV.P | ||
| 650 | _aACCOUNTING | ||
| 653 | _aACCOUNTING FOR SHARE CAPITAL,ISSUE OF DEBENTURES,INTER RECONSTRUCTION,CASH FLOWSTATEMENT | ||
| 942 |
_2ddc _cFCM _02 |
||
| 999 |
_c9123 _d9123 |
||